000 00690nam a2200253Ia 4500
003 OSt
005 20221007082345.0
006 a|||||r|||| 00| 0
007 ta
008 221006b |||||||| |||| 00| 0 eng d
024 _a23,986
037 _cTextual
040 _aFLL
_cFLL
_beng
041 _2eng
_aeng
082 _aZ2,211,1qN76, L8
110 _aGovt. of India
245 0 _aCompendium of the urban land (ceiling and regulation) act, 1976 (No. 33 of 1976) and gist of the guidelines
250 _a2nd
260 _c1978
300 _axii,1-183p
_ccm.
700 _aGovt. of India
942 _hZ2,211,1qN76, L8
_cTEXL
_2CC
999 _c1166172
_d1166172